| 000 | 00718nam a2200229Ia 4500 | ||
|---|---|---|---|
| 001 | 9669 | ||
| 003 | GE_BSU | ||
| 008 | 181216s||||||||xx |||||||||||||| ||und|| | ||
| 040 | _cGE_BSU | ||
| 080 | _a821.353.1–32+821.353.1-2 | ||
| 100 | _aნაკაშიძე,ნინო | ||
| 245 | _aრჩეული.ტ.2 | ||
| 245 | _bმოთხრობები,პიესა | ||
| 245 | _cრედ.თ.ჯიბლაძე.მხატვ.თ.ავალიანი | ||
| 260 | _aთბილისი | ||
| 260 | _bნაკადული | ||
| 260 | _c1961 | ||
| 300 | _a348გვ.20სმ. | ||
| 653 | _aმოთხრობები,პიესა | ||
| 653 | _aრჩეული | ||
| 942 | _cBK | ||
| 999 |
_c42953 _d42953 |
||